Font-Romeu-Odeillo-Via - Choix multiples - Statistiques

Statistiques générales
  • Ce quiz a été pris 27 fois
  • Le résultat moyen est 7 sur 10
Statistiques - réponses
Question Réponse % Correct
De quelle couleur est le seul train s'arrêtant en gare d'Odeillo-Via ? Jaune
96%
Quel type d'ouvrage scientifique trouve-t-on à Odeillo ? Un four solaire
96%
A quelle région naturelle la commune est-elle rattachée ? La Cerdagne
87%
En 2024, la Cour des comptes a accusé la commune de prélever trop d'eau du lac des Bouilouses. Que la commune alimente-t-elle avec cette eau ? Les canons à neige de sa station de ski
78%
Avec quelle commune voisine Font-Romeu partage-t-elle son domaine skiable ? Bolquère
70%
Que signifie "Font-Romeu" en catalan ? La fontaine du pèlerin
61%
Lequel de ces célèbres athlètes français n'a PAS étudié au lycée climatique et sportif Pierre de Coubertin ? Philippe Candeloro
61%
Quelle est la particularité du musée de Font-Romeu ? Ses œuvres sont disposées au cœur de la forêt domaniale de la commune.
61%
De quelle célèbre sculpture trouve-t-on une réplique sur les hauteurs de Font-Romeu ? Du Christ rédempteur
52%
Lequel de ces bâtiments est le Grand Hôtel de Font-Romeu ?
43%
Aucun quiz correspondant
Distribution des résultats
% des personnes avec chaque résultat
Percentile par nombre de réponses
Votre historique - résultats
Vous n’avez pas pris ce quiz